My Chemical Romance Teenagers Lyrics - Statistics

General Stats
  • This quiz has been taken 1,845 times
  • The average score is 233 of 298
Answer Stats
Answer % Correct
the
99%
The
99%
a
98%
they
98%
They
98%
of
97%
you
97%
me
96%
out
96%
teenagers
95%
Teenagers
95%
your
95%
scare
94%
an
93%
shit
93%
So
93%
living
92%
gonna
90%
all
89%
All
89%
and
89%
in
89%
as
85%
clean
85%
make
85%
up
84%
To
83%
to
83%
care
82%
with
82%
less
81%
looks
81%
They're
81%
they're
81%
never
80%
books
79%
could
79%
citizen
78%
lies
78%
things
78%
what
78%
bleed
77%
keep
77%
long
77%
on
77%
do
74%
gun
74%
eye
73%
can
72%
got
72%
son
72%
Because
70%
clothes
70%
drugs
70%
give
70%
sleep
70%
pose
69%
violent
69%
work
69%
watch
68%
said
67%
smirk
67%
strike
66%
but
65%
But
65%
machine
64%
rip
64%
darken
63%
not
63%
keeping
62%
murder
62%
leave
61%
methods
61%
alone
60%
Another
60%
aspirations
58%
Cause
58%
shreds
57%
they'll
57%
that
56%
cog
55%
Will
55%
boys
54%
girls
53%
Maybe
52%
heads
49%
You're
48%
you're
48%
kid
47%
or
47%
awful
44%
clique
44%
fit
44%
much
44%
names
44%
shirt
44%
someone'll
44%
stick
43%
under
42%
for
41%
if
40%
pay
40%
did
38%
hurt
36%
them
36%
troubled
32%
No matching quizzes found
Score Distribution
Percent of People with Each Score
Percentile by Number Answered
Your Score History
You have not taken this quiz